<?xml version="1.0" encoding="UTF-8"?>
<marc:record xmlns:marc="http://www.loc.gov/MARC21/slim">
   <marc:leader>00000nam a2200000 a 4500</marc:leader>
   <marc:datafield ind1="1" ind2=" " tag="100">
      <marc:subfield code="a">Darvill, Wendy</marc:subfield>
      <marc:subfield code="4">aut</marc:subfield>
      <marc:subfield code="e">Verfasser/-in</marc:subfield>
   </marc:datafield>
   <marc:datafield ind1="1" ind2=" " tag="100">
      <marc:subfield code="a">Powell, Kelsey</marc:subfield>
      <marc:subfield code="4">aut</marc:subfield>
      <marc:subfield code="e">Verfasser/-in</marc:subfield>
   </marc:datafield>
   <marc:datafield ind1=" " ind2=" " tag="653">
      <marc:subfield code="a">Sexualerziehung</marc:subfield>
   </marc:datafield>
   <marc:datafield ind1="0" ind2="0" tag="245">
      <marc:subfield code="a">Wer redet noch vom Klapperstorch?</marc:subfield>
   </marc:datafield>
   <marc:datafield ind1="0" ind2="0" tag="245">
      <marc:subfield code="b">Aufklärung: wann, wie, warum</marc:subfield>
   </marc:datafield>
   <marc:datafield ind1="0" ind2="0" tag="245">
      <marc:subfield code="c">Wendy Darvill ; Kelsey Powell</marc:subfield>
   </marc:datafield>
   <marc:datafield ind1=" " ind2="1" tag="264">
      <marc:subfield code="a">München</marc:subfield>
      <marc:subfield code="b">Beust</marc:subfield>
      <marc:subfield code="c">1996</marc:subfield>
   </marc:datafield>
   <marc:datafield ind1="1" ind2=" " tag="490">
      <marc:subfield code="a">KidsWorld</marc:subfield>
   </marc:datafield>
   <marc:datafield ind1="1" ind2=" " tag="520">
      <marc:subfield code="a">Obwohl dieser Ratgeber zur Sexualaufklärung von 2 Mitarbeiterinnen einer australischen Familienplanungskommission verfasst wurde, ist er auch für deutsche Eltern hilfreich. Ziel ist es, Gesprächsbarrieren zwischen Eltern und Kindern/Jugendlichen beim Thema Sex überwinden zu helfen. Dabei erhalten die Eltern Informationen über die sexuelle Entwicklung von Kindern/Jugendlichen, konkrete Vorschläge, wie das Thema in der Familie besprochen werden kann, sowie Hinweise auf weiterführende Beratungseinrichtungen und Literatur. Im Vergleich zu "Liebeserziehung" (BA 6/96) ist dieser Ratgeber aufgelockerter (eingestreute Anekdoten und witzige Illustrationen) und schon von seiner optischen Gestaltung her (Hervorhebeung wichtiger Aussagen, übersichtliche Gliederung etc.) didaktisch besser aufbereitet. Dazu trägt insbesondere die alphabetisch geordnete Zusammenstellung wichtiger Begriffe zur Sexualkunde bei, die im Falle gezielter Fragen der Kinder als Nachschlagewerk dienen kann.</marc:subfield>
   </marc:datafield>
   <marc:datafield ind1=" " ind2=" " tag="020">
      <marc:subfield code="a">389530011X</marc:subfield>
      <marc:subfield code="9">389530011X</marc:subfield>
   </marc:datafield>
   <marc:datafield ind1=" " ind2=" " tag="500">
      <marc:subfield code="a">Aus dem Engl.</marc:subfield>
   </marc:datafield>
   <marc:datafield ind1="0" ind2=" " tag="490">
      <marc:subfield code="v">0</marc:subfield>
   </marc:datafield>
   <marc:datafield ind1=" " ind2=" " tag="300">
      <marc:subfield code="a">186 S. : Ill.</marc:subfield>
   </marc:datafield>
</marc:record>
